[Event "BUL-chT2 64th"]
[Site "Sunny Beach"]
[Date "2015.06.01"]
[Round "2.4"]
[White "Gospodinov, Gospodin"]
[Black "Stefanov, Plamen"]
[Result "1-0"]
[WhiteElo "2042"]
[BlackElo "2131"]
[PlyCount "82"]
[EventDate "2015.05.31"]
[EventType "team-swiss"]
[EventRounds "7"]
[EventCountry "BUL"]
[SourceTitle "CBM 166 Extra"]
[Source "ChessBase"]
[SourceDate "2015.06.18"]
[SourceVersion "1"]
[SourceVersionDate "2015.06.18"]
[SourceQuality "1"]
[WhiteTeam "Silistra"]
[BlackTeam "Vratsa"]
[WhiteTeamCountry "BUL"]
[BlackTeamCountry "BUL"]

1. Nf3 d5 2. d4 Nf6 3. e3 c5 4. dxc5 Nc6 5. Bb5 Qa5+ 6. Nc3 Bg4 7. Qd4 Bxf3 8. gxf3 0-0-0 9. Bxc6 bxc6 10. b4 Qc7 11. Bd2 g5 12. Qd3 Rg8 13. Qa6+ Qb7 14. Qxb7+ Kxb7 15. Ne2 g4 16. fxg4 Rxg4 17. Bc3 Nd7 18. f4 f6 19. Kf2 e5 20. Rhg1 Rh4 21. Rg2 d4 22. exd4 exf4 23. Rd1 Re8 24. Bd2 Bh6 25. c3 f5 26. Ng1 Nf6 27. Kf1 Ng4 28. h3 Nf6 29. Rf2 Ne4 30. Rf3 Ng3+ 31. Kg2 Rg8 32. Kf2 Ne4+ 33. Kf1 Ng3+ 34. Kg2 Ne4+ 35. Kh2 Rg3 36. Be1 Rhxh3+ 37. Nxh3 Rxf3 38. d5 cxd5 39. Rxd5 Re3 40. Bh4 Re2+ 41. Kg1 f3 1-0

[Event "BUL-chT GpB 63rd"]
[Site "Sunny Beach"]
[Date "2013.09.23"]
[Round "7.6"]
[White "Gospodinov, Gospodin"]
[Black "Petrov, Valeri"]
[Result "1-0"]
[WhiteElo "2012"]
[BlackElo "1980"]
[PlyCount "60"]
[EventDate "2013.09.19"]
[EventType "team-tourn"]
[EventRounds "9"]
[EventCountry "BUL"]
[SourceTitle "CBM 156 Extra"]
[Source "ChessBase"]
[SourceDate "2013.10.22"]
[SourceVersion "1"]
[SourceVersionDate "2013.10.22"]
[SourceQuality "1"]
[WhiteTeam "Silistra"]
[BlackTeam "Slivnitsa Geroy"]
[WhiteTeamCountry "BUL"]
[BlackTeamCountry "BUL"]

1. Nf3 d5 2. c4 e6 3. g3 Nf6 4. Bg2 c6 5. b3 Bd6 6. Bb2 Nbd7 7. 0-0 0-0 8. d4 Ne4 9. Nbd2 f5 10. e3 Ndf6 11. Ne5 Nxd2 12. Qxd2 Bxe5 13. dxe5 Ng4 14. Rad1 Qc7 15. Qc3 Qf7 16. h3 Nh6 17. b4 Bd7 18. a4 g5 19. Rd3 Rac8 20. Qd4 a6 21. Rc1 f4 22. e4 dxc4 23. Rxc4 Be8 24. b5 axb5 25. axb5 Qg6 26. Qb6 Rf7 27. Rd6 Re7 28. Bf1 Nf7 29. Rd2 Qg7 30. Rc5 h5 1-0

[Event "BUL-chT2"]
[Site "Albena"]
[Date "2011.06.05"]
[Round "5.1"]
[White "Gospodinov, Gospodin"]
[Black "Simeonov, Svetoslav"]
[Result "1-0"]
[WhiteElo "2054"]
[BlackElo "1841"]
[PlyCount "61"]
[EventDate "2011.06.02"]
[EventType "team-tourn"]
[EventRounds "9"]
[EventCountry "BUL"]
[SourceTitle "CBM 142 Extra"]
[Source "ChessBase"]
[SourceDate "2011.06.27"]
[SourceVersion "1"]
[SourceVersionDate "2011.06.27"]
[SourceQuality "1"]
[WhiteTeam "Silistra"]
[BlackTeam "Vratsa"]
[WhiteTeamCountry "BUL"]
[BlackTeamCountry "BUL"]

1. c4 Nf6 2. Nc3 g6 3. g3 d5 4. cxd5 Nxd5 5. Bg2 c6 6. Nf3 Bg7 7. 0-0 0-0 8. d4 Na6 9. e4 Nxc3 10. bxc3 Bg4 11. Rb1 Rb8 12. Qa4 c5 13. Bf4 Bxf3 14. Bxf3 e5 15. dxe5 Qe7 16. e6 Rbd8 17. exf7+ Qxf7 18. Be2 Kh8 19. Bc4 Qe7 20. Bd5 Rxd5 21. exd5 Bxc3 22. d6 Qe6 23. Rxb7 Bd4 24. Qd7 Qg8 25. Re1 Nb8 26. Qb5 Qxa2 27. Re2 Qa1+ 28. Kg2 a6 29. Re8 Bg7 30. Rxf8+ Bxf8 31. Qxc5 1-0

[Event "BUL-chT 58th"]
[Site "Borovetz"]
[Date "2008.10.06"]
[Round "6"]
[White "Lilov, Valeri"]
[Black "Gospodinov, Gospodin"]
[Result "1-0"]
[WhiteElo "2433"]
[BlackElo "2063"]
[PlyCount "69"]
[EventDate "2008.10.01"]
[EventType "team-tourn"]
[EventRounds "7"]
[EventCountry "BUL"]
[SourceTitle "CBM 126 Extra"]
[Source "ChessBase"]
[SourceDate "2008.11.05"]
[SourceVersion "1"]
[SourceVersionDate "2008.11.05"]
[SourceQuality "1"]
[WhiteTeam "Burgas Lukoil-Neftohimik"]
[BlackTeam "Tarnovo Bulmex"]
[WhiteTeamCountry "BUL"]
[BlackTeamCountry "BUL"]

1. e4 c5 2. Nf3 d6 3. d4 cxd4 4. Nxd4 Nf6 5. Nc3 a6 6. g3 e6 7. Bg2 Qc7 8. a4 Be7 9. 0-0 0-0 10. Kh1 Bd7 11. f4 Nc6 12. Nb3 Rfd8 13. Qe2 Rac8 14. g4 Be8 15. g5 Nd7 16. Qf2 Nc5 17. Be3 Nb4 18. f5 exf5 19. exf5 Bc6 20. Nd4 Bxg2+ 21. Qxg2 Bf8 22. g6 Re8 23. Rf3 Ne4 24. Nxe4 Rxe4 25. c3 Rce8 26. Qh3 fxg6 27. fxg6 hxg6 28. cxb4 Qc4 29. Rd1 Qxb4 30. b3 Qc3 31. Bf2 Qb2 32. Qg2 Kh7 33. Rg1 Kg8 34. Qxg6 R4e7 35. Nf5 1-0